Felséges Első Ferencz... Pos´ony Szabad Királyi Városában, 1825-dik Esztendőben, Szent Mihály Havának 11-dik napjára rendeltetett Magyar Ország Gyülésének Írásai. Köt. 2

Bibliographic Details
Main Author: František I., rakúsky cisár, 1768-1835 (Author)
Format: Book
Language:Hungarian
PhysicalDescription:[2], -383-1110 s. 2°

MARC

LEADER 00000nam a2200000 a 4500
001 vtls001140912
003 SK-MaSNL
005 20260301153911.0
008 250414suuuu xx 0 hun
035 |a SNK000083765 
040 |a SNK  |b slo  |c SNK  |e AACR2 
041 0 |a hun 
044 |a xx 
080 |a 328(439"1825"):943.9.05(093)=945.11  |2 1981 
080 |a 943.9.05(093)=945.11  |2 1981 
100 1 |a František  |b I.,  |c rakúsky cisár,  |d 1768-1835  |4 aut  |9 239879 
245 1 0 |a Felséges Első Ferencz... Pos´ony Szabad Királyi Városában, 1825-dik Esztendőben, Szent Mihály Havának 11-dik napjára rendeltetett Magyar Ország Gyülésének Írásai. Köt. 2  |c František I. cisár rakúsky 
246 1 0 |a Acta Comitiorum Regni Hungariae 
260 |e Posony  |f Véber S. Lajos  |g 1825 
300 |a [2], -383-1110 s.  |c 2° 
852 |a Slovenská národná knižnica 
958 |a RK 
999 |c 794877  |d 796807 
952 |a SNK  |b SNK  |y PREZ  |7 0  |p 17A0677295  |o snkSA 528/2 D1  |i snkKSF 1461/59  |8 5  |0 0  |1 0  |4 0  |d 2014-01-20  |l 0  |r 2026-02-24 01:49:37  |w 2026-02-24